| 000 | 00776nmc a2200289 a 4500 | ||
|---|---|---|---|
| 003 | AR-BaBNM | ||
| 005 | 20251128203031.0 | ||
| 008 | 257119s1977 ||||||||||||||000 | spa|| | ||
| 020 | _a92-3-301520-3 | ||
| 040 | _cAR-BaBNM | ||
| 100 | 1 | _aAlonso de Quesada, Alba | |
| 245 | 1 | 0 | _aHacia una política cultural de Honduras |
| 260 |
_aParís _bUnesco _c1977 |
||
| 300 | 0 |
_a75 p. _bil. |
|
| 490 | 0 | _aPolíticas culturales: estudios y documentos | |
| 650 | 4 | _aPOLITICA CULTURAL | |
| 650 | 4 | _aCULTURA CONTEMPORANEA | |
| 650 | 4 | _aSIGLO DIECINUEVE | |
| 650 | 4 | _aSIGLO VEINTE | |
| 650 | 4 | _aACCION CULTURAL | |
| 650 | 4 | _aCULTURAS LATINOAMERICANAS | |
| 650 | 4 | _aCAMBIO CULTURAL | |
| 650 | 4 | _aSOCIOLOGIA CULTURAL | |
| 651 | 4 | _aHonduras | |
| 942 | _cBK | ||
| 998 | _cCarmen | ||
| 999 |
_c1601 _d1601 |
||